<?xml version="1.0" encoding="UTF-8"?>
<collection xmlns="http://www.loc.gov/MARC21/slim">
 <record>
  <leader>01171nam a22002177a 4500</leader>
  <controlfield tag="001">NCT_83381</controlfield>
  <controlfield tag="008">200727b        xxu||||| |||| 00| 0 vie d</controlfield>
  <datafield tag="999" ind1=" " ind2=" ">
   <subfield code="c">4103</subfield>
   <subfield code="d">4103</subfield>
  </datafield>
  <datafield tag="020" ind1=" " ind2=" ">
   <subfield code="a">0312404697</subfield>
  </datafield>
  <datafield tag="082" ind1="0" ind2="4">
   <subfield code="2">23rd ed.</subfield>
   <subfield code="a">920</subfield>
   <subfield code="b">M527</subfield>
  </datafield>
  <datafield tag="100" ind1="1" ind2=" ">
   <subfield code="a">Mellor, Ronald</subfield>
  </datafield>
  <datafield tag="245" ind1="1" ind2="0">
   <subfield code="a">Augustus and the creation of the Roman Empire :</subfield>
   <subfield code="b">A brief history with documents</subfield>
   <subfield code="c">Ronald Mellor</subfield>
  </datafield>
  <datafield tag="260" ind1=" " ind2=" ">
   <subfield code="a">Boston</subfield>
   <subfield code="b">Bedford/St. Martin's</subfield>
   <subfield code="c">2006</subfield>
  </datafield>
  <datafield tag="300" ind1=" " ind2=" ">
   <subfield code="a">xvi, 192 p.</subfield>
   <subfield code="b">ill.</subfield>
   <subfield code="c">21cm</subfield>
  </datafield>
  <datafield tag="490" ind1=" " ind2=" ">
   <subfield code="a">The Bedford series in history and culture</subfield>
  </datafield>
  <datafield tag="504" ind1=" " ind2=" ">
   <subfield code="a">Includes bibliography and index</subfield>
  </datafield>
  <datafield tag="520" ind1="3" ind2=" ">
   <subfield code="a">Offering multiple viewpoints of the rise, achievements, and legacy of Caesar Augustus and his empire, Augustus and the Creation of the Roman Empire encourages the examination of such subjects as the military in war and peacetime, the social and cultural context of political change, the reform of administration, and the personality of the emperor himself.</subfield>
  </datafield>
  <datafield tag="653" ind1=" " ind2=" ">
   <subfield code="a">Tham khảo</subfield>
  </datafield>
  <datafield tag="942" ind1=" " ind2=" ">
   <subfield code="2">ddc</subfield>
   <subfield code="c">BK</subfield>
  </datafield>
  <datafield tag="952" ind1=" " ind2=" ">
   <subfield code="0">0</subfield>
   <subfield code="1">0</subfield>
   <subfield code="2">ddc</subfield>
   <subfield code="4">0</subfield>
   <subfield code="6">920_000000000000000_M527</subfield>
   <subfield code="7">0</subfield>
   <subfield code="9">20137</subfield>
   <subfield code="a">000001</subfield>
   <subfield code="b">000001</subfield>
   <subfield code="d">2020-07-27</subfield>
   <subfield code="o">920 M527</subfield>
   <subfield code="p">TK.01077</subfield>
   <subfield code="r">2020-07-27</subfield>
   <subfield code="w">2020-07-27</subfield>
   <subfield code="y">BK</subfield>
  </datafield>
  <datafield tag="980" ind1=" " ind2=" ">
   <subfield code="a">Thư viện Trường Đại học Nam Cần Thơ</subfield>
  </datafield>
 </record>
</collection>
